000 00766nam a2200181Ia 4500
008 100921s9999 xx 000 0 und d
082 _b24326
_a550 थ 91
100 _aत्रलिोकेकर पुष्पा.
245 _aपृथ्वीचे मारेकरी.
260 _bमोरया प्रकाशन, मुंबई.
_c1991
300 _a115
_bमॅजेस्टीक प्रकाशन,पुणे.
365 _b35
520 _aविज्ञान-भौमिक शास्त्रे.
630 _aपृथ्वीचे मारेकरी.
650 _aविज्ञान-भौमिक शास्त्रे.
730 _aपृथ्वीचे मारेकरी.
942 _cBOOK
999 _c773439
_d773436